TMNT Characters - Statistics

General Stats
  • This quiz has been taken 578 times
  • The average score is 9 of 15
Answer Stats
Hint Answer % Correct
Leonardo
97%
Donatello
90%
Raphael
90%
Master Splinter
88%
Shredder
85%
April O'Neil
80%
Casey Jones
67%
Michelangelo
59%
Rocksteady
54%
Bebop
51%
Krang
50%
Karai
39%
Dogpound
20%
Fishface
19%
Metalhead
7%
No matching quizzes found
Score Distribution
Percent of People with Each Score
Percentile by Number Answered
Your Score History
You have not taken this quiz